000 00268nam a22001097a 4500
082 _a823
_bBLY/T
100 _aBLYTON, ENID
245 _aThose dreadful children
246 _aThose dreadful children
_bThose dreadful children
260 _aSingapore
_bMammoth
942 _cBK
999 _c7744
_d7744